000 00582nam a22001935i 4500
001 48584
003 ES-MaACL
005 20230906161758.0
007 t|
008 950725s1896 fr ||||1| fre d
040 _aCAM
_bspa
_cCAM
100 1 _aDesjardins, Arthur.
_943884
245 1 0 _aP.J. Proudhon
_b: sa vie, ses oeuvres, sa doctrine /
_cArthur Desjardins.
250 _a[2e éd.].
260 _aParis :
_bPerrin et Cie,
_c1896 (
_ePoitiers :
_fBlais, Roy et Cie)
300 _a2 v. ;
_c19 cm.
600 0 4 _aProudhon, Pierre-Joseph.
_994052
852 _aES-MaACL
_jF-5862-63
999 _c48584
_d48584